[Event "LGA Premium Cup"]
[Site "schach.lga.de"]
[Date "2005.09.11"]
[Round "6.59"]
[White "Mons, Leon"]
[Black "Hestermann, Hans-Ludwig"]
[Result "1/2-1/2"]
[WhiteElo "1322"]
[BlackElo "1677"]
[PlyCount "65"]
[EventDate "2005.09.11"]
[SourceDate " "]

1. e4 e6 2. d4 d5 3. Nc3 dxe4 4. Nxe4 Nf6 5. Ng3 b6 6. c3 Bb7 7. f3 Bd6 8. Bd3
Nbd7 9. Nh3 c6 10. Nf1 Qc7 11. Nf2 O-O-O 12. Qc2 e5 13. dxe5 Nxe5 14. Bf5+ Kb8
15. Bd2 Bc5 16. Ne3 Rhe8 17. O-O-O g6 18. Be4 Nh5 19. Rhe1 f5 20. Bxf5 gxf5 21.
Qxf5 Qf7 22. Qxf7 Nxf7 23. Neg4 Ba6 24. Be3 Rxd1+ 25. Nxd1 Bxe3+ 26. Rxe3 Rxe3
27. Ndxe3 Nf4 28. b4 Nd3+ 29. Kc2 Nde5 30. Nf6 Bd3+ 31. Kd2 Kc7 32. f4 Kd6 33.
fxe5+ 1/2-1/2

[Event "LGA Premium Cup"]
[Site "schach.lga.de"]
[Date "2005.09.11"]
[Round "6.60"]
[White "Kuhlmann, Steffen"]
[Black "Deinlein, Albert"]
[Result "0-1"]
[WhiteElo "1084"]
[BlackElo "1630"]
[PlyCount "54"]
[EventDate "2005.09.11"]
[SourceDate " "]

1. e4 e5 2. f4 exf4 3. Nf3 g5 4. h3 d6 5. d4 Bg7 6. Bc4 Qe7 7. Nc3 c6 8. Qe2 h5
9. Bd2 g4 10. hxg4 hxg4 11. Rxh8 Bxh8 12. Ng1 Qh4+ 13. Qf2 Qxf2+ 14. Kxf2 Bxd4+
15. Ke2 Bxc3 16. Bxc3 Be6 17. Bd3 Ne7 18. Rd1 Nd7 19. Bd2 Ng6 20. Rf1 O-O-O 21.
a4 Rh8 22. b4 Rh2 23. Kf2 g3+ 24. Kf3 Nde5+ 25. Ke2 Rxg2+ 26. Ke1 Rxg1 27. Rxg1
Nf3+ 0-1

[Event "LGA Premium Cup"]
[Site "schach.lga.de"]
[Date "2005.09.11"]
[Round "6.63"]
[White "Bildt, Maximilian"]
[Black "Lingl, Xenia"]
[Result "1-0"]
[WhiteElo "1654"]
[BlackElo "1511"]
[PlyCount "156"]
[EventDate "2005.09.11"]
[SourceDate " "]

1. e4 e5 2. f4 exf4 3. Nf3 Bc5 4. d4 Bb6 5. Bxf4 d6 6. Bc4 Bg4 7. c3 Ne7 8. O-O
O-O 9. h3 Bh5 10. Nbd2 Nd7 11. Qb3 Nc6 12. Qb5 Bg6 13. Bg5 Qc8 14. Nh4 Nde5 15.
Nxg6 Nxg6 16. Rf5 Bxd4+ 17. cxd4 Nxd4 18. Rxf7 Rxf7 19. Bxf7+ Kxf7 20. Rf1+ Kg8
21. Qd5+ Ne6 22. Nb3 Kh8 23. Rf7 Nxg5 24. Qxg5 b6 25. Qd5 Ne5 26. Rxc7 Qf8 27.
Qb7 Nd3 28. Rf7 Qg8 29. Rxg7 Qxg7 30. Qxa8+ Qg8 31. Qxg8+ Kxg8 32. Nd4 Nxb2 33.
Nb5 Nc4 34. Nxa7 Kf7 35. Kf2 Ke6 36. Nc6 h6 37. Kf3 Nd2+ 38. Kf4 Nc4 39. Nd4+
Kf6 40. Nf5 Kg6 41. Kg4 Ne5+ 42. Kh4 Nf7 43. a4 Kf6 44. g4 Ke5 45. Kh5 Kxe4 46.
Nxh6 Nxh6 47. Kxh6 d5 48. g5 d4 49. g6 d3 50. g7 d2 51. g8=Q d1=Q 52. Qe6+ Kf4
53. Qc4+ Kg3 54. h4 Qd6+ 55. Kg5 Qe5+ 56. Kg6 Qe6+ 57. Kg7 Qe5+ 58. Kf7 Qf5+
59. Ke7 Qc5+ 60. Qxc5 bxc5 61. h5 c4 62. h6 c3 63. h7 c2 64. h8=Q c1=Q 65. Qe5+
Kf3 66. a5 Qa3+ 67. Ke6 Qa4 68. Qd5+ Ke3 69. Qc5+ Kd3 70. Qd6+ Kc3 71. a6 Qg4+
72. Kd5 Qf3+ 73. Kc5 Qe3+ 74. Kc6 Qe4+ 75. Qd5 Qg6+ 76. Kb7 Qh7+ 77. Kb6 Qb1+
78. Qb5 Qd1 1-0

[Event "LGA Premium Cup"]
[Site "schach.lga.de"]
[Date "2005.09.11"]
[Round "6.64"]
[White "Schirra, Frank"]
[Black "Nöttling, Dominik"]
[Result "0-1"]
[WhiteElo "1650"]
[BlackElo "1213"]
[PlyCount "70"]
[EventDate "2005.09.11"]
[SourceDate " "]

1. c4 e5 2. Nc3 Nf6 3. g3 Bc5 4. Bg2 O-O 5. Nf3 d6 6. O-O Nc6 7. Na4 e4 8. Ng5
Re8 9. Nxc5 dxc5 10. b3 Bf5 11. Nh3 Qd4 12. Ba3 Nb4 13. Bxb4 cxb4 14. e3 Qd3
15. Nf4 Qd6 16. d4 exd3 17. Bxb7 Rad8 18. Qd2 c6 19. Rac1 Qc7 20. Bxc6 Qxc6 21.
Qxb4 g5 22. Ng2 Qf3 23. Ne1 Qe2 24. Qb5 Bg6 25. Nxd3 Rxd3 26. Qxg5 Qf3 27. c5
Kh8 28. Qf4 Qxf4 29. exf4 Rc8 30. b4 Rd4 31. b5 Rd5 32. b6 axb6 33. cxb6 Rb8
34. Rc6 Nd7 35. Rfc1 Nxb6 0-1

[Event "LGA Premium Cup"]
[Site "schach.lga.de"]
[Date "2005.09.11"]
[Round "6.65"]
[White "Thoma, Dirk"]
[Black "Häßlein, Rainer"]
[Result "1-0"]
[WhiteElo "1487"]
[BlackElo "1535"]
[PlyCount "39"]
[EventDate "2005.09.11"]
[SourceDate " "]

1. d4 Nf6 2. Nf3 d5 3. Bg5 e6 4. e3 Be7 5. Bd3 h6 6. Bh4 b6 7. Nbd2 Ba6 8. Qe2
Ne4 9. Bxe7 Qxe7 10. Bxa6 Qb4 11. Bb7 Qxb2 12. O-O Nc3 13. Qd3 O-O 14. Bxa8 Nd7
15. Bc6 Nf6 16. a4 Rd8 17. Rae1 Rd6 18. Bb7 c5 19. Qa6 cxd4 20. exd4 1-0

[Event "LGA Premium Cup"]
[Site "schach.lga.de"]
[Date "2005.09.11"]
[Round "6.66"]
[White "Dreiseitel, Werner"]
[Black "Narr, Irmgard"]
[Result "0-1"]
[WhiteElo "1360"]
[BlackElo "1692"]
[PlyCount "50"]
[EventDate "2005.09.11"]
[SourceDate " "]

1. d4 Nf6 2. c4 e6 3. Nc3 b6 4. e3 Bb7 5. Nf3 Bb4 6. Bd2 O-O 7. Be2 c5 8. O-O
Nc6 9. Nb5 Bxd2 10. Nxd2 cxd4 11. Nd6 Ba6 12. Qa4 Qc7 13. Nxf7 Bb7 14. Ng5 dxe3
15. fxe3 Qe5 16. Ndf3 Qxe3+ 17. Rf2 Ng4 18. Qc2 Qxf2+ 19. Kh1 g6 20. Nxh7 Kxh7
21. Ng5+ Kg7 22. Rd1 Nce5 23. Rxd7+ Nxd7 24. Nxe6+ Kh7 25. Ng5+ Kh6 0-1

[Event "LGA Premium Cup"]
[Site "schach.lga.de"]
[Date "2005.09.11"]
[Round "6.67"]
[White "Sabnev, Andrej"]
[Black "Gspahn, Thomas"]
[Result "0-1"]
[WhiteElo "1259"]
[BlackElo "1601"]
[PlyCount "86"]
[EventDate "2005.09.11"]
[SourceDate " "]

1. e4 d6 2. d4 Nf6 3. Nc3 c6 4. Bc4 Qa5 5. Bd2 Qb6 6. Rb1 Qxd4 7. Bb3 Nxe4 8.
Be3 Qxd1+ 9. Nxd1 Bf5 10. Nf3 Nd7 11. O-O h6 12. Re1 e6 13. Nd4 Ndc5 14. Nxf5
Nxb3 15. Nxd6+ Bxd6 16. axb3 Nf6 17. Nc3 Ke7 18. Bd4 Rhd8 19. Rbd1 c5 20. Bxf6+
Kxf6 21. Re2 Be5 22. Rxd8 Rxd8 23. Re1 Bxc3 24. bxc3 b5 25. h3 a5 26. Ra1 Ra8
27. Kf1 c4 28. bxc4 bxc4 29. Ra4 Ke5 30. Rxc4 a4 31. Rb4 a3 32. Rb1 a2 33. Ra1
Kd5 34. Ke2 Kc4 35. Kd2 h5 36. h4 e5 37. f3 f5 38. g3 g6 39. f4 e4 40. Kd1 Kxc3
41. Kc1 e3 42. Kd1 Kb2 43. Rc1 a1=Q 0-1

[Event "LGA Premium Cup"]
[Site "schach.lga.de"]
[Date "2005.09.11"]
[Round "6.68"]
[White "Walter, Florian"]
[Black "Dreiseitel, Ursula"]
[Result "1-0"]
[WhiteElo "1528"]
[BlackElo "1249"]
[PlyCount "117"]
[EventDate "2005.09.11"]
[SourceDate " "]

1. e4 d6 2. d4 Nf6 3. Nc3 g6 4. Bg5 Bg7 5. Qd2 Nbd7 6. Be2 O-O 7. h4 c5 8. d5
a6 9. h5 Re8 10. Bh6 Bh8 11. hxg6 hxg6 12. Qg5 Nh7 13. Qh4 Ndf8 14. Bxf8 Kxf8
15. Qxh7 Bg7 16. Nf3 e6 17. dxe6 Bxe6 18. Qh4 Bf6 19. Qf4 Ke7 20. a3 Qb6 21.
Rd1 Rh8 22. Rxh8 Rxh8 23. e5 dxe5 24. Nxe5 Rh4 25. Qe3 Rh1+ 26. Bf1 Rh5 27.
Nd5+ Bxd5 28. Nxg6+ Kd6 29. Qf3 fxg6 30. Qxf6+ Kc7 31. Qg7+ Kb8 32. Qf8+ Ka7
33. c4 Qe6+ 34. Kd2 Bxc4 35. Kc1 Bd5 36. Qxc5+ Kb8 37. g4 Re5 38. Bc4 Qc6 39.
Qxc6 Bxc6 40. Bd3 Bf3 41. Rg1 g5 42. Rg3 Bc6 43. Re3 Rc5+ 44. Kd2 Bd7 45. f3
Rc8 46. Re5 Rg8 47. Bf5 Bc6 48. Be4 Bb5 49. Re7 Rd8+ 50. Ke3 Rd7 51. Rxd7 Bxd7
52. Kd4 Bc6 53. Bxc6 bxc6 54. Ke5 Kc7 55. Kf5 a5 56. Kxg5 a4 57. f4 Kd7 58. f5
c5 59. Kf6 1-0

[Event "LGA Premium Cup"]
[Site "schach.lga.de"]
[Date "2005.09.11"]
[Round "6.69"]
[White "Rosner, Peter"]
[Black "Justi, Fabian"]
[Result "0-1"]
[WhiteElo "1508"]
[BlackElo "1192"]
[PlyCount "52"]
[EventDate "2005.09.11"]
[SourceDate " "]

1. d4 d5 2. c4 c6 3. cxd5 cxd5 4. Nc3 Nf6 5. Nf3 Bg4 6. e3 e6 7. a3 Be7 8. Be2
O-O 9. O-O Nc6 10. b4 a6 11. Bb2 b5 12. Rc1 Rc8 13. h3 Bh5 14. Qc2 Qc7 15. Ne1
Bxe2 16. Qxe2 Qd6 17. Nf3 h6 18. Rc2 Rc7 19. Rfc1 Rfc8 20. Nd2 Nd7 21. Nb3 Nb6
22. Nc5 Nc4 23. Nxa6 Nxd4 24. exd4 Qxa6 25. Qe1 Bg5 26. Ra1 Nxb2 0-1

[Event "LGA Premium Cup"]
[Site "schach.lga.de"]
[Date "2005.09.11"]
[Round "6.70"]
[White "Röckl, Adelbert"]
[Black "Mack, Lienhard"]
[Result "1/2-1/2"]
[WhiteElo "1446"]
[BlackElo "1134"]
[PlyCount "82"]
[EventDate "2005.09.11"]
[SourceDate " "]

1. c4 Nf6 2. g3 g6 3. Bg2 Bg7 4. Nc3 O-O 5. d3 d6 6. h3 c5 7. e4 Nc6 8. Nge2
Rb8 9. O-O a6 10. Be3 Bd7 11. Qd2 Qc8 12. Kh2 b5 13. cxb5 axb5 14. Rac1 Qa6 15.
a3 e5 16. Nd5 Nxd5 17. exd5 Nd4 18. Nxd4 exd4 19. Bh6 Rfe8 20. Bxg7 Kxg7 21.
Rfe1 Bf5 22. g4 Bd7 23. Bf1 f5 24. Rxe8 Rxe8 25. gxf5 Bxf5 26. Re1 Qa8 27. Bg2
Bd7 28. Be4 Qd8 29. Qf4 Qf6 30. Qxf6+ Kxf6 31. b3 Bf5 32. f3 Re7 33. Ra1 Ra7
34. Kg3 Bd7 35. h4 Be8 36. f4 Ra5 37. Kf2 Ke7 38. Ke2 Kd8 39. Kd2 Kc7 40. Kc2
Kb6 41. Kb2 Ra7 1/2-1/2

[Event "LGA Premium Cup"]
[Site "schach.lga.de"]
[Date "2005.09.11"]
[Round "6.71"]
[White "Lingl, Peter"]
[Black "Kulok, Solomon"]
[Result "1-0"]
[WhiteElo "1366"]
[BlackElo "1121"]
[PlyCount "81"]
[EventDate "2005.09.11"]
[SourceDate " "]

1. e4 c5 2. d3 Nc6 3. f4 e6 4. h3 g6 5. Nf3 Bg7 6. Nbd2 b5 7. Nb3 a5 8. Rb1 a4
9. Nbd2 d6 10. c3 Nge7 11. d4 Rb8 12. b3 axb3 13. Nxb3 c4 14. Nbd2 O-O 15. a4
Ba6 16. axb5 Bxb5 17. Bxc4 Bxc4 18. Rxb8 Qxb8 19. Nxc4 Qb5 20. Nxd6 Qa5 21. Bd2
Qa6 22. e5 f6 23. Kf2 fxe5 24. fxe5 Qb6 25. Be3 Qb2+ 26. Qd2 Bxe5 27. dxe5 Nxe5
28. Ke2 Nxf3 29. gxf3 Rd8 30. Ne4 Nf5 31. Rg1 Rf8 32. Rg4 Kg7 33. Ng5 Re8 34.
Ra4 h6 35. Ne4 g5 36. Ra7+ Kg6 37. Rd7 Kh5 38. Nf6+ Kh4 39. Nxe8 Kxh3 40. Ng7
Ng3+ 41. Kd3 1-0

[Event "LGA Premium Cup"]
[Site "schach.lga.de"]
[Date "2005.09.11"]
[Round "6.72"]
[White "Gage, Daniel"]
[Black "Hirschberg, Leander"]
[Result "1-0"]
[WhiteElo "1263"]
[BlackElo "1114"]
[PlyCount "82"]
[EventDate "2005.09.11"]
[SourceDate " "]

1. e4 e5 2. Bc4 Bc5 3. c3 Nf6 4. Nf3 Nxe4 5. O-O d6 6. b4 Bb6 7. d4 O-O 8. Re1
Nf6 9. Bg5 Bg4 10. Qd3 h6 11. Bh4 Bxf3 12. Qxf3 exd4 13. Qxb7 Nbd7 14. Qf3 Ne5
15. Qe2 dxc3 16. Nxc3 Re8 17. Bd5 Rb8 18. Qd2 Ned7 19. Bc6 Rxe1+ 20. Rxe1 Qf8
21. Qc2 Re8 22. Rxe8 Qxe8 23. g3 Qe7 24. Bxd7 Qe1+ 25. Kg2 Nxd7 26. Nd5 Qe8 27.
Nxb6 Nxb6 28. Qxc7 Qe4+ 29. Kh3 Qxb4 30. Be7 Nc4 31. Qc8+ Kh7 32. Qf5+ Kg8 33.
Qf4 g5 34. Qf6 Qd2 35. a4 d5 36. Bc5 Qb2 37. Qd8+ Kg7 38. Qxd5 Qb3 39. Bd4+ Kg6
40. Qe4+ Kh5 41. f3 g4+ 1-0

[Event "LGA Premium Cup"]
[Site "schach.lga.de"]
[Date "2005.09.11"]
[Round "6.73"]
[White "Hennch, Thomas"]
[Black "Schäfer, Ann-Kathrin"]
[Result "1-0"]
[WhiteElo "935"]
[BlackElo "1115"]
[PlyCount "33"]
[EventDate "2005.09.11"]
[SourceDate " "]

1. e4 d6 2. d4 g6 3. Bc4 Bg7 4. Nf3 Nd7 5. Bxf7+ Kxf7 6. Ng5+ Ke8 7. Ne6 b6 8.
Nxd8 Kxd8 9. O-O h5 10. Re1 h4 11. h3 Bf6 12. e5 Bg7 13. Nc3 Bh6 14. Bxh6 Rxh6
15. Qf3 g5 16. Qf7 Rh8 17. Qg7 1-0

[Event "LGA Premium Cup"]
[Site "schach.lga.de"]
[Date "2005.09.11"]
[Round "6.74"]
[White "Buck, Andreas"]
[Black "Zrenner, Maximilian"]
[Result "0-1"]
[WhiteElo "1094"]
[BlackElo "1306"]
[PlyCount "41"]
[EventDate "2005.09.11"]
[SourceDate " "]

1. e4 e5 2. Nf3 Nc6 3. Bc4 Bc5 4. Nc3 Nf6 5. d3 h6 6. O-O O-O 7. Nd5 d6 8. h3
Nxd5 9. Bxd5 Qf6 10. c3 Kh8 11. b4 Bb6 12. b5 Ne7 13. c4 Nxd5 14. exd5 e4 15.
Bb2 Qxb2 16. dxe4 Qf6 17. Re1 Qg6 18. Nh4 Qf6 19. Nf3 Re8 20. Re2 g5 21. g4 0-1

[Event "LGA Premium Cup"]
[Site "schach.lga.de"]
[Date "2005.09.11"]
[Round "6.75"]
[White "Junk, Philipp"]
[Black "Stohl, Leonie"]
[Result "1-0"]
[WhiteElo "1011"]
[BlackElo "865"]
[PlyCount "53"]
[EventDate "2005.09.11"]
[SourceDate " "]

1. e4 e5 2. f4 d5 3. exd5 exf4 4. Nf3 Nf6 5. Bb5+ Bd7 6. Bxd7+ Nbxd7 7. O-O Be7
8. d3 O-O 9. Bxf4 Nxd5 10. Bg3 Bf6 11. Nbd2 c6 12. c3 Re8 13. Ne4 Ne3 14. Qe2
Nxf1 15. Rxf1 Bg5 16. Nfxg5 Qxg5 17. Qf3 Qg6 18. h4 f6 19. h5 Qf7 20. Nd6 Qxa2
21. Nxe8 Rxe8 22. h6 g6 23. Rf2 Rf8 24. Qf4 Ne5 25. d4 Nd3 26. Qc7 Nxf2 27.
Qg7# 1-0